| 000 | 00912nam a2200229Ia 4500 | ||
|---|---|---|---|
| 003 | IN-BaIIA | ||
| 008 | 211028s9999 xx s 000 0 eng d | ||
| 020 | _a978-1-107-04517-0 (Print) | ||
| 022 | _a1743-9213 (Print) | ||
| 022 | _a1743-9221 (Online) | ||
| 040 | _cIIA Library | ||
| 100 |
_aGuzik, Joyce A., ed. _940633 |
||
| 245 | 0 |
_aPrecision Asteroseismology _h[eBook] |
|
| 260 |
_aCambridge _bCambridge University Press _c2014 |
||
| 300 | _aOnline resource | ||
| 490 | _aIAU Symposium; no. 301 | ||
| 700 |
_aChaplin, William J., ed. _940634 |
||
| 700 |
_aHandler, Gerald, ed. _940635 |
||
| 700 |
_aPigulski, Andrzej, ed. _940636 |
||
| 856 |
_uhttps://www.cambridge.org/core/journals/proceedings-of-the-international-astronomical-union/issue/80B9D307C5369CA6BA3E6B7EE46691DA _yClick Here to Access eBook |
||
| 942 | _cEB | ||
| 999 |
_c22011 _d22011 |
||